000 00948nam a2200313 4500
003 EG-GICUC
005 20260321120251.0
008 260312s1962 uk ||||fr|||| 000 0 eng d
040 _aEG-GiCUC
_beng
_cEG-GiCUC
_dEG-GiCUC
_erda
041 _aeng
_heng
082 0 4 _221
_a341.6
_bHE . P
092 0 4 _221
099 _aLaw 11 341.6 HE . P 1962
100 1 _aHeilbrunn, Otto
_eAuthor.
245 1 0 _aPartisan Warfare /
_cBy Otto Heilbrunn.
264 1 _aLondon :
_b George Allen & Unwin,
_c1962.
300 _a199 pages :
_billustrations,
_c24 cm
336 _2rda content
_atext
337 _2rda media
_aComputer
338 _2rda carrier
_aOnline Resource
500 _aIndex included
504 _aBibliography: pages 200-250.
546 _aText in English
650 1 _aPublic international law
_2qrmak
651 1 _2qrmak
856 4 0 _uhttps://fll.law.cu.edu.eg/fulltext/bks/B11-08573.pdf
905 _a31
942 _2ddc
_n0
_cBK
_e21
999 _c66256
_d66256